Statistics for 22 Taylor Swift Songs

Click here to take the quiz!

General Stats

  • This quiz has been taken 323 times
    (318 since last reset)
  • The average score is 17 of 22

Answer Stats

RankLyricSong% Correct
2.I don't like your little games/Don't like your tilted stageLook What You Made Me Do
93%
14.You're on the phone with your girlfriend/She's upsetYou Belong With Me
91%
18.I promise that you'll never find another like __ME!
90%
10.It feels like a perfect night/To dress up like hipsters22
89%
13.We were both young when I first saw youLove Story
89%
17.I stay out too late/Got nothin' in my brainShake It Off
89%
8.I remember when we broke up/The first timeWe Are Never Ever Getting Back Together
89%
1.Once upon a time/A few mistakes agoI Knew You Were Trouble
87%
15.Mr. Perfect Face/Mr. Here To StayMr. Perfectly Fine
86%
20.Nice to meet you where you been?Blank Space
85%
22.We could leave the Christmas lights up 'til JanuaryLover
85%
11.Midnight/You come and pick me upStyle
84%
3.I walked through the door with you/The air was coldAll Too Well
83%
19.This is for the best/My reputation's never been worse soDelicate
82%
9.Knew he was a killer/First time that I saw him...Ready For It?
80%
7.Fever dream high in the quiet of the nightCruel Summer
77%
16.I'm like the water when your ship rolled in that nightwillow
69%
4.I'm so glad you made time to see meBack To December
67%
21.I blew things out of proportion, now you're blueAfterglow
53%
5.I'm pretty sure we almost broke up last nightStay Stay Stay
49%
12.I know that you like me/And it's kinda frightnin'Message In A Bottle
31%
6.O ______ creeks, running through my veinsCarolina
28%

Score Distribution

Percentile by Number Answered

Percent of People with Each Score

Your Score History

You have not taken this quiz since the last reset